| 000 | 00411nam a22001457a 4500 | ||
|---|---|---|---|
| 020 | _a114800294 | ||
| 082 |
_a389.152 _bGRE _cD |
||
| 100 |
_aAnderton, Pamela _938846 |
||
| 245 |
_aChanging to the metic system / _cPamela Anderton. |
||
| 260 |
_aLondon : _bHer Majesty's Stationary Office , _c1972. |
||
| 300 | _aV, 58 p. : | ||
| 526 |
_a0 _b0 _c0 _d389_152000000000000_GRE |
||
| 650 |
_aD _96527 |
||
| 942 |
_2ddc _cBK |
||
| 999 |
_c543474 _d543474 |
||